LIBRARY & INFORMATION CENTRE, KCAET, TAVANUR

ONLINE PUBLIC ACCESS CATALOGUE (OPAC)

Athma sangeetham / (Record no. 5016)

MARC details
000 -LEADER
fixed length control field 00412cam a2200169ua 4500
041 ## - LANGUAGE CODE
Language code of text/sound track or separate title mal
082 ## - DEWEY DECIMAL CLASSIFICATION NUMBER
Classification number 894.8121
Item number BAL/AT
100 ## - MAIN ENTRY--AUTHOR NAME
Personal name Balakrishnananair, N .
245 ## - TITLE STATEMENT
Title Athma sangeetham /
260 ## - PUBLICATION, DISTRIBUTION, ETC. (IMPRINT)
Place of publication Ullur :
Name of publisher Ullur Publishers ,
Year of publication 1966.
300 ## - PHYSICAL DESCRIPTION
Number of Pages 47 ; .
942 ## - ADDED ENTRY ELEMENTS (KOHA)
Koha item type Books
Holdings
Withdrawn status Lost status Damaged status Home library Current library Date acquired Full call number Accession Number Koha item type Public note
Withdrawn     KAUAET KAUAET 07/04/2012 894.8121 9328 Books Deleted
free website counter